000 00484nam a2200169Ia 4500
008 210719s2018 xx 000 0 und d
041 _aeng
082 _a297.63K SHAP
100 _aSHANTHI PRAKASHANA
245 _aPravadi muhammad: manava kulada sreshta margadarshaka
260 _aMangaluru
_bShanti Prakashana
_c2018
300 _a144
_bPB
365 _b150
_cRs
650 _aIslam
650 _aIslam
906 _akulada ; margadarshaka ; muhammad:manava ; Pravadi ; sreshta
999 _c215831
_d215831